000 00739nam a2200205Ii 4500
003 JO-AjNU
008 230605s9999||||xx |||||||||||||| ||und||
040 _aJO-AjNU
_bara
_erda
_cJO-AjNU
041 _aara
050 1 4 _aDS36.21.R37 1991
100 3 _aتاليف الرواشدة، شاهر,
_eauthor
_952753
245 0 0 _aدول مجلس التعاون الخليجي في الميزان
250 _aط1
264 3 1 _aعمان: دار الابداع للنشر والتوزيع، 1991
300 _a183ص
336 _atext
_btxt
_2rdacontent
337 _aunmediated
_bn
_2rdamedia
338 _avolume
_bnc
_2rdacarrier
650 4 _aالمنظمات الدولية اللاقليمية - دول الخليج العربي
_952754
999 _aA23387
_c26955
_d26955